जीवनसाथीच्या नजरेतून अंतरंग (Record no. 1077764)

MARC details
000 -LEADER
fixed length control field 00716nam a2200205Ia 4500
008 - FIXED-LENGTH DATA ELEMENTS--GENERAL INFORMATION
fixed length control field 151119s9999||||xx |||||||||||||| ||und||
082 ## - DEWEY DECIMAL CLASSIFICATION NUMBER
Classification number 928.9146
082 ## - DEWEY DECIMAL CLASSIFICATION NUMBER
Item number GKKV25226
100 ## - MAIN ENTRY--PERSONAL NAME
Personal name जोशी रत्नप्रभा
245 ## - TITLE STATEMENT
Title जीवनसाथीच्या नजरेतून अंतरंग
260 ## - PUBLICATION, DISTRIBUTION, ETC. (IMPRINT)
Place of publication, distribution, etc --
260 ## - PUBLICATION, DISTRIBUTION, ETC. (IMPRINT)
Name of publisher, distributor, etc --
260 ## - PUBLICATION, DISTRIBUTION, ETC. (IMPRINT)
Date of publication, distribution, etc 0
300 ## - PHYSICAL DESCRIPTION
Extent 221pp.
600 ## - SUBJECT ADDED ENTRY--PERSONAL NAME
Personal name जोशी रत्नप्रभा
630 ## - SUBJECT ADDED ENTRY--UNIFORM TITLE
Uniform title जीवनसाथीच्या नजरेतून अंतरंग
700 ## - ADDED ENTRY--PERSONAL NAME
Personal name जोशी रत्नप्रभा
730 ## - ADDED ENTRY--UNIFORM TITLE
Uniform title जीवनसाथीच्या नजरेतून अंतरंग
942 ## - ADDED ENTRY ELEMENTS (KOHA)
Koha item type Book
Holdings
Withdrawn status Lost status Damaged status Not for loan Home library Current library Date acquired Cost, normal purchase price Total Checkouts Full call number Barcode Date last seen Cost, replacement price Price effective from Koha item type
        G.K. Khandekar Vachanalaya, Mulund G.K. Khandekar Vachanalaya, Mulund 09/17/2012 0.00   GKKV25226 GKKV25226 11/19/2015 0.00 11/19/2015 Book